000 00261nam a2200097Ia 4500
082 _a392.5 WILL
245 0 _aPlanning your wedding
100 _a WILLIAMS, Christine London, 2003
_996575
942 _cBK
008 210817s9999 xx 000 0 und d
999 _c406252
_d406251